Diseño de depósitos de agua, desde 100 m3 a 40.000 m3 de capacidad
Salvato in:
| Autore principale: | |
|---|---|
| Natura: | Libro |
| Lingua: | spagnolo |
| Pubblicazione: |
Madrid
Bellisco
1991
|
| Serie: | Colección Obras Hidráulicas, 3
|
| Soggetti: | |
| Tags: |
Aggiungi Tag
Nessun Tag, puoi essere il primo ad aggiungerne!!
|
MARC
| LEADER | 00000nam a2200000 a 4500 | ||
|---|---|---|---|
| 001 | UCN7637 | ||
| 003 | CL-VaPUC | ||
| 008 | 011018e19910000SP |||||||||||||||||spa|d | ||
| 082 | 0 | 4 | |a 627 |b YGE |2 21 |
| 100 | 0 | |a Yges Gómez, Luis |e author |9 463640 | |
| 245 | 1 | 0 | |a Diseño de depósitos de agua, desde 100 m3 a 40.000 m3 de capacidad |
| 300 | |a 275 p | ||
| 942 | |c BK | ||
| 945 | |d 20011018 00:00:00 |a vberengu | ||
| 260 | |a Madrid |b Bellisco |c 1991 | ||
| 650 | 0 | |a Ingeniería hidráulica |9 260281 | |
| 650 | 0 | |a Agua |9 257149 | |
| 650 | 7 | |a ESTRUCTURAS HIDRAULICAS |2 CL-VaPUC |9 261375 | |
| 650 | 0 | |a Muros |9 267134 | |
| 583 | |a last modification |c 20011018 00:00:00 |k Rodrigo Vera | ||
| 490 | 0 | |a Colección Obras Hidráulicas, 3 | |
| 999 | |c 297878 |d 297876 | ||
| 952 | |0 0 |1 0 |4 0 |6 627_000000000000000_YGE_1991 |7 0 |8 A |9 352916 |a BIBING |b BIBING |d 2019-11-21 |i 3764036 |o 627 YGE 1991 |p 3764036 |r 2025-01-20 |w 2019-11-21 |y BK |k CCL | ||